| 000 | 00945cab a22002295a 4500 | ||
|---|---|---|---|
| 001 | L154410 | ||
| 008 | 111128e20111119xxk 000 0 eng d | ||
| 035 | _a(Sirsi) u154410 | ||
| 041 | 0 | _aeng | |
| 100 | 1 | _aSimmons, Mark | |
| 245 | 0 | 0 |
_aFocus _bEast London and Thames Gateway |
| 260 | _c2011 | ||
| 490 |
_aEstates Gazette _v(1146) 19 November 2011, 69-79(9) |
||
| 520 | _aIncludes information on the possibility of creative businesses deserting London W1 for lower rents in the East End; the progress of East London's Tech City which was launched last year by David Cameron and the building of a huge new port and logistics park in South Essex which is being developed on the site of the former Shellhaven oil refinery in Thurrock. | ||
| 590 | _aKA | ||
| 651 | 4 | _aLondon | |
| 651 | 4 | _aEssex | |
| 690 | _aPROPERTY-COMMERCIAL PROPERTY-COMMERCIAL PROPERTY MARKET | ||
| 700 | 1 | _aMorrison, Adrian | |
| 700 | 1 | _aSmulian, Mark | |
| 942 | _n0 | ||
| 999 |
_c83604 _d83604 |
||